Normal view
MARC view
- Office , Nautical Almanac
Entry Personal Name
001 - CONTROL NUMBER
- control field: 134386
003 - CONTROL NUMBER IDENTIFIER
- control field: NUST
005 - DATE AND TIME OF LATEST TRANSACTION
- control field: 20260508125201.0
008 - FIXED-LENGTH DATA ELEMENTS
- fixed length control field: 260508|| aca||aabn | a|a d
040 ## - CATALOGING SOURCE
- Original cataloging agency: NUST
- Transcribing agency: NUST
100 ## - HEADING--PERSONAL NAME
- Personal name: Office , Nautical Almanac
670 ## - SOURCE DATA FOUND
- Source citation: Work cat.: (NUST): Office , Nautical Almanac., The Astronomical Almanac For the Year 1981 /, 1980.
